000 00266nam a2200109Ia 4500
008 201224s9999 xx 000 0 und d
100 _aLovelock, Christopher
245 0 _aServices Marketing
260 _aEnglewood Cliffs
_bPrentice Hall
300 _a526
942 _cBK
999 _c8812
_d8812